[Event "Peterborough 4NCL Easter op-A"]
[Site "Peterborough"]
[Date "2024.03.30"]
[Round "2"]
[White "Okhai, Shabir"]
[Black "Richmond, Frank"]
[Result "1-0"]
[WhiteElo "2075"]
[BlackElo "1711"]
[PlyCount "53"]
[EventDate "2024.03.29"]
[EventType "swiss"]
[EventRounds "7"]
[EventCountry "ENG"]
[SourceTitle "CB14_2024"]
[SourceDate "2024.04.01"]
[SourceVersion "1"]
[SourceVersionDate "2024.04.01"]
[SourceQuality "1"]

1. e4 e6 2. d4 d5 3. Nc3 Bb4 4. e5 c5 5. a3 Bxc3+ 6. bxc3 Ne7 7. Qg4 Qc7 8. Bd3 c4 9. Be2 Nf5 10. Bd1 Nc6 11. Ne2 Bd7 12. 0-0 0-0-0 13. Ng3 Nxg3 14. fxg3 Qb6 15. Kh1 f6 16. exf6 gxf6 17. Qh4 e5 18. Qxf6 exd4 19. Bf4 Rhf8 20. Qg7 Rg8 21. Qf7 Qb2 22. Bf3 Qxc3 23. Qxd5 Rg6 24. Rab1 Be8 25. Qf5+ Bd7 26. Qb5 Na5 27. Bxb7+ 1-0

[Event "Cambridge op 2nd"]
[Site "Cambridge"]
[Date "2024.02.21"]
[Round "5"]
[White "McMahon, Paul"]
[Black "Okhai, Shabir"]
[Result "0-1"]
[WhiteElo "1862"]
[BlackElo "2104"]
[PlyCount "71"]
[EventDate "2024.02.19"]
[EventType "swiss"]
[EventRounds "9"]
[EventCountry "ENG"]
[SourceTitle "CB09_2024"]
[SourceDate "2024.02.28"]
[SourceVersion "1"]
[SourceVersionDate "2024.02.28"]
[SourceQuality "1"]

1. e4 e5 2. Nf3 Nc6 3. Bb5 a6 4. Ba4 Nf6 5. 0-0 Be7 6. Re1 b5 7. Bb3 0-0 8. c3 d6 9. d4 Bg4 10. d5 Na5 11. Bc2 c6 12. a4 cxd5 13. exd5 Nc4 14. b3 Nb6 15. axb5 axb5 16. Rxa8 Qxa8 17. Nbd2 Nbxd5 18. Bb2 Nf4 19. Qb1 h6 20. Bf5 Bxf5 21. Qxf5 Qc8 22. Qxc8 Rxc8 23. c4 Nd3 24. Rb1 bxc4 25. Nxc4 d5 26. Ne3 Bd6 27. Kf1 Nxb2 28. Rxb2 e4 29. Nd4 Rc1+ 30. Ke2 Bb4 31. Nec2 Bc3 32. Ra2 Ng4 33. Ra8+ Kh7 34. h3 Ne5 35. Ra6 Nd3 36. g3 0-1

[Event "Cambridge op 2nd"]
[Site "Cambridge"]
[Date "2024.02.21"]
[Round "4"]
[White "Okhai, Shabir"]
[Black "Latypova, Olga L"]
[Result "1-0"]
[WhiteElo "2104"]
[BlackElo "1684"]
[PlyCount "65"]
[EventDate "2024.02.19"]
[EventType "swiss"]
[EventRounds "9"]
[EventCountry "ENG"]
[SourceTitle "CB09_2024"]
[SourceDate "2024.02.28"]
[SourceVersion "1"]
[SourceVersionDate "2024.02.28"]
[SourceQuality "1"]

1. e4 c5 2. Nf3 e6 3. g3 Nc6 4. Bg2 Nge7 5. 0-0 d5 6. exd5 exd5 7. d4 cxd4 8. Nxd4 Nxd4 9. Qxd4 Be6 10. Re1 Rc8 11. Qxa7 Qd7 12. c3 Nc6 13. Qa4 Be7 14. Be3 0-0 15. Nd2 Ra8 16. Qd1 Ne5 17. Nf3 Nc4 18. Bc1 Bc5 19. b3 Na3 20. Be3 Bxe3 21. Rxe3 Ra7 22. Nd4 Rfa8 23. Qd3 Ra5 24. Rae1 R5a6 25. Re5 Rd6 26. Bf1 g6 27. Qe3 Rc8 28. Qc1 Ra8 29. Bd3 b5 30. h4 Qe7 31. h5 Qf6 32. hxg6 hxg6 33. Bxg6 1-0

[Event "Cambridge op 2nd"]
[Site "Cambridge"]
[Date "2024.02.19"]
[Round "2"]
[White "Okhai, Shabir"]
[Black "Samarakoon, Vivash Ransara"]
[Result "0-1"]
[WhiteElo "2104"]
[BlackElo "1864"]
[PlyCount "152"]
[EventDate "2024.02.19"]
[EventType "swiss"]
[EventRounds "9"]
[EventCountry "ENG"]
[SourceTitle "CB09_2024"]
[SourceDate "2024.02.28"]
[SourceVersion "1"]
[SourceVersionDate "2024.02.28"]
[SourceQuality "1"]

1. e4 e5 2. Nf3 Nc6 3. Bc4 Bc5 4. c3 d6 5. 0-0 Nf6 6. d3 0-0 7. Re1 a5 8. Bg5 h6 9. Bh4 g5 10. Bg3 Bb6 11. Nbd2 Qe7 12. Bb3 Kg7 13. Nc4 Ba7 14. Ne3 Bxe3 15. fxe3 Bd7 16. Rf1 Be6 17. Ba4 Nd7 18. d4 Bc4 19. Re1 f6 20. Bc2 Rad8 21. Bf2 Bf7 22. Nd2 Nb6 23. Nf1 Qd7 24. Ng3 Ne7 25. Bd3 Bc4 26. Bc2 Bf7 27. Qe2 Bc4 28. Qd2 Bf7 29. Bd1 Bg6 30. Bf3 c6 31. Qd1 Qe8 32. Qb3 Nec8 33. Bg4 Qe7 34. Qd1 Qf7 35. b3 Ne7 36. Rf1 Qg8 37. Be1 Qh7 38. c4 Ra8 39. Qf3 d5 40. exd5 e4 41. Qe2 cxd5 42. c5 Nbc8 43. Qb5 f5 44. Bh5 f4 45. Bxg6 Qxg6 46. Ne2 f3 47. Nc3 Qc6 48. Bg3 Nf5 49. Be5+ Kg6 50. Qxc6+ bxc6 51. Nd1 Nh4 52. g3 Nf5 53. Kf2 Rf7 54. Nc3 h5 55. Na4 Rb7 56. Rg1 Nh6 57. h3 Kf5 58. Rab1 Ra6 59. Bd6 Ra8 60. Bf8 Ng8 61. g4+ hxg4 62. Rxg4 Nf6 63. Rg3 Nh5 64. Rgg1 Nf6 65. Bd6 Rh7 66. Rh1 Nxd6 67. cxd6 Ke6 68. Rbg1 Rg8 69. Nc5+ Kxd6 70. Rc1 g4 71. Rcg1 gxh3 72. Rxg8 Nxg8 73. Rh2 Nf6 74. Kg3 Rg7+ 75. Kxh3 Ng4 76. Rb2 f2 0-1

[Event "Harrogate 4NCL op 31st"]
[Site "Harrogate"]
[Date "2024.01.20"]
[Round "3"]
[White "Hepworth, Peter"]
[Black "Okhai, Shabir"]
[Result "1/2-1/2"]
[WhiteElo "1878"]
[BlackElo "2114"]
[PlyCount "99"]
[EventDate "2024.01.19"]
[EventType "swiss"]
[EventRounds "5"]
[EventCountry "ENG"]
[SourceTitle "CB05_2024"]
[SourceDate "2024.01.31"]
[SourceVersion "1"]
[SourceVersionDate "2024.01.31"]
[SourceQuality "1"]

1. d4 Nf6 2. Bg5 e6 3. e4 h6 4. Bxf6 Qxf6 5. Nc3 d6 6. Qd2 c6 7. 0-0-0 e5 8. dxe5 dxe5 9. g3 Be7 10. f4 0-0 11. Nf3 Rd8 12. Qe3 Rxd1+ 13. Nxd1 Nd7 14. f5 Qd6 15. g4 Qc5 16. Bd3 Qxe3+ 17. Nxe3 b5 18. h4 f6 19. Kd2 Bb7 20. Ke2 Rd8 21. Rg1 Kf7 22. c3 a6 23. Bc2 c5 24. c4 Nb8 25. g5 hxg5 26. hxg5 Nc6 27. g6+ Ke8 28. Nd5 Nb4 29. Nxb4 cxb4 30. cxb5 axb5 31. Bd3 Bc6 32. Rc1 Kd7 33. Rh1 Kd6 34. Nd2 Kc7 35. Rh7 Bf8 36. Nf3 Rd7 37. Ne1 Kb6 38. Rh8 Bc5 39. Rg8 Bd4 40. Nc2 Kc5 41. Rc8 Bxb2 42. Nxb4 Kxb4 43. Rxc6 Bd4 44. Rc8 Ra7 45. Rc2 Ra3 46. Kd2 Bc3+ 47. Ke3 Bd4+ 48. Kd2 Bc3+ 49. Ke3 Bd4+ 50. Kd2 1/2-1/2

[Event "Harrogate 4NCL op 31st"]
[Site "Harrogate"]
[Date "2024.01.19"]
[Round "1"]
[White "Cast, Julian"]
[Black "Okhai, Shabir"]
[Result "0-1"]
[WhiteElo "1910"]
[BlackElo "2114"]
[PlyCount "178"]
[EventDate "2024.01.19"]
[EventType "swiss"]
[EventRounds "5"]
[EventCountry "ENG"]
[SourceTitle "CB05_2024"]
[SourceDate "2024.01.31"]
[SourceVersion "1"]
[SourceVersionDate "2024.01.31"]
[SourceQuality "1"]

1. d4 Nf6 2. Nf3 e6 3. e3 d5 4. Bd3 c5 5. b3 b6 6. 0-0 Bb7 7. Nbd2 Nc6 8. Bb2 Be7 9. a3 0-0 10. Qe2 a5 11. Rfd1 a4 12. dxc5 bxc5 13. Bb5 axb3 14. cxb3 Qb6 15. Ne5 Nxe5 16. Bxe5 Ba6 17. Bxa6 Rxa6 18. a4 Qb7 19. h3 Rfa8 20. Qd3 Rb6 21. Qc2 Nd7 22. Bc3 Nb8 23. Rab1 Nc6 24. Qd3 Bf8 25. Kf1 Rb8 26. Kg1 h6 27. Kf1 Qc7 28. Kg1 R6b7 29. Rdc1 Qd8 30. Ba1 Bd6 31. f4 Bf8 32. Nf3 Rb4 33. Kh1 Qb6 34. Nd2 Qb7 35. Bc3 Rb6 36. Ra1 Ra8 37. Kh2 Ne7 38. Be5 Ng6 39. Bc3 d4 40. exd4 Nxf4 41. Qf1 Nd5 42. dxc5 Bxc5 43. Kh1 Nxc3 44. Rxc3 Bd4 45. Rg3 Qc7 46. Qf3 Rd8 47. Rd1 Be5 48. Rg4 Rbd6 49. Rc4 Qa5 50. Rf1 Rxd2 51. Qxf7+ Kh8 52. Qxe6 Rd1 53. Rc1 Rxc1 54. Rxc1 Qd2 55. Rf1 Qd3 56. Re1 Bg3 57. Rg1 Qd4 58. Qg4 Qe3 59. b4 Rd4 60. Qc8+ Kh7 61. Qf5+ Kg8 62. Qc8+ Kf7 63. Qf5+ Ke7 64. Qc5+ Bd6 65. Qa7+ Ke6 66. Rf1 Qf2 67. Qa6 Qc2 68. Qa7 Rf4 69. Re1+ Kf6 70. Qe3 Qc4 71. g3 Rf1+ 72. Rxf1+ Qxf1+ 73. Kh2 Qd1 74. Qc3+ Be5 75. Qc6+ Qd6 76. Qf3+ Ke6 77. Qg4+ Kd5 78. a5 Bd4 79. b5 Qb4 80. Qd7+ Kc4 81. Qc6+ Qc5 82. a6 Kb4 83. h4 Qxb5 84. Qxb5+ Kxb5 85. Kh3 Kxa6 86. g4 Bf6 87. h5 Kb5 88. Kg3 Kc4 89. Kf4 Kd4 0-1

[Event "Newcastle under Lyme"]
[Site "Newcastle under Lyme"]
[Date "2023.08.11"]
[Round "5"]
[White "Boswell, Jacob Connor"]
[Black "Okhai, Shabir"]
[Result "1-0"]
[WhiteElo "2226"]
[BlackElo "2135"]
[PlyCount "153"]
[EventDate "2023.08.09"]
[EventType "tourn"]
[EventRounds "9"]
[EventCountry "ENG"]
[SourceTitle "CBM 215 Extra"]
[Source "ChessBase"]
[SourceDate "2023.09.30"]
[SourceVersion "1"]
[SourceVersionDate "2023.09.30"]
[SourceQuality "1"]

1. d4 Nf6 2. c4 g6 3. Nf3 Bg7 4. g3 0-0 5. Bg2 c5 6. 0-0 cxd4 7. Nxd4 d5 8. cxd5 Nxd5 9. Nb3 Nb4 10. Nc3 N8c6 11. Bd2 Bf5 12. Rc1 Rc8 13. a3 Na6 14. Be3 Qxd1 15. Rfxd1 Be6 16. Nd4 Bxd4 17. Bxd4 Nxd4 18. Rxd4 Nc5 19. Nd5 Bxd5 20. Rxd5 b6 21. Rcd1 Rc7 22. b4 e6 23. Rd6 Na4 24. Rc6 Rxc6 25. Bxc6 Nc3 26. Rd7 a5 27. Rb7 axb4 28. axb4 Nxe2+ 29. Kf1 Nd4 30. Rxb6 Rc8 31. Be4 Rc1+ 32. Kg2 Rc3 33. Rd6 Rc4 34. Rb6 Rc3 35. b5 Rb3 36. Rb8+ Kg7 37. b6 Nb5 38. Rd8 Nc3 39. Rd3 f5 40. Bc6 Rxb6 41. Rxc3 Kf6 42. Bd7 Rd6 43. Rc7 g5 44. Be8 Rd8 45. Bb5 h5 46. Bc4 Rd6 47. Rh7 Rd4 48. Bb3 Rd3 49. Ba4 Rd4 50. Be8 h4 51. gxh4 gxh4 52. Rh6+ Ke7 53. Bb5 Rg4+ 54. Kf3 e5 55. Ba6 Rf4+ 56. Kg2 Rg4+ 57. Kf1 Rf4 58. Bc8 Kf7 59. Ra6 e4 60. Ke2 Kg7 61. Bd7 Rf3 62. Rd6 Rf4 63. Be8 Rf3 64. Bg6 h3 65. Ra6 Rf4 66. Be8 Rf3 67. Rg6+ Kf8 68. Bd7 Ke7 69. Bc8 Rf4 70. Rg3 Kf6 71. Rxh3 Kg5 72. Rg3+ Kf6 73. Rg8 Kf7 74. Rg5 Kf6 75. Rxf5+ Rxf5 76. Bxf5 Kxf5 77. Ke3 1-0

[Event "Newcastle under Lyme"]
[Site "Newcastle under Lyme"]
[Date "2023.08.10"]
[Round "2"]
[White "Okhai, Shabir"]
[Black "Lee, Richard WY"]
[Result "1/2-1/2"]
[WhiteElo "2135"]
[BlackElo "2094"]
[PlyCount "165"]
[EventDate "2023.08.09"]
[EventType "tourn"]
[EventRounds "9"]
[EventCountry "ENG"]
[SourceTitle "CBM 215 Extra"]
[Source "ChessBase"]
[SourceDate "2023.09.30"]
[SourceVersion "1"]
[SourceVersionDate "2023.09.30"]
[SourceQuality "1"]

1. e4 e5 2. Nf3 Nf6 3. Nxe5 d6 4. Nf3 Nxe4 5. Nc3 Nxc3 6. dxc3 Be7 7. Be3 Nc6 8. Qd2 Be6 9. 0-0-0 Qd7 10. Kb1 Bf6 11. h4 h6 12. Nd4 Nxd4 13. Bxd4 Be5 14. Be2 0-0-0 15. Bf3 Rhe8 16. Qe3 Qa4 17. b3 Qa5 18. Qe4 c6 19. Rhe1 f5 20. Qe3 Bxd4 21. Qxd4 Rd7 22. Bh5 Ree7 23. Bg6 Qc5 24. Qxc5 dxc5 25. Rxd7 Kxd7 26. f4 Kd6 27. Rd1+ Kc7 28. Re1 Kd6 29. g3 Bd7 30. Rd1+ Kc7 31. Kc1 Re2 32. Rd3 Be6 33. Kd1 Rg2 34. c4 Bd7 35. Re3 Kd6 36. Kc1 Be6 37. Kb2 Rg1 38. Kc3 b6 39. Be8 Bc8 40. Rd3+ Kc7 41. Bh5 Be6 42. Re3 Kd6 43. Be8 Bc8 44. a4 a5 45. Rd3+ Kc7 46. Bh5 Be6 47. Kd2 Rg2+ 48. Be2 Rg1 49. Re3 Kd6 50. Bd3 Rg2+ 51. Ke1 Rh2 52. Be2 g6 53. Kf1 Rh1+ 54. Kf2 Rc1 55. Rd3+ Ke7 56. Bd1 h5 57. Ke1 Ra1 58. Kd2 Bd7 59. Rf3 Be6 60. Re3 Kd6 61. Bf3 Bd7 62. Rd3+ Ke7 63. Bd1 Be6 64. Kc3 Rb1 65. Rd2 Bd7 66. Re2+ Be6 67. Re1 Kd6 68. Kd2 Ra1 69. Re3 Rb1 70. Rd3+ Ke7 71. Re3 Kd6 72. c3 Ra1 73. Re1 Bd7 74. Re2 Be6 75. Re3 Bd7 76. Rd3+ Ke7 77. Rf3 Be6 78. Rf1 Kd6 79. Re1 Bd7 80. Re5 Be6 81. Re3 Bd7 82. Rd3+ Ke7 83. Re3+ 1/2-1/2

[Event "Newcastle under Lyme"]
[Site "Newcastle under Lyme"]
[Date "2023.08.09"]
[Round "1"]
[White "Walton, Alan J"]
[Black "Okhai, Shabir"]
[Result "0-1"]
[WhiteElo "2063"]
[BlackElo "2135"]
[PlyCount "62"]
[EventDate "2023.08.09"]
[EventType "tourn"]
[EventRounds "9"]
[EventCountry "ENG"]
[SourceTitle "CBM 215 Extra"]
[Source "ChessBase"]
[SourceDate "2023.09.30"]
[SourceVersion "1"]
[SourceVersionDate "2023.09.30"]
[SourceQuality "1"]

1. d4 Nf6 2. Bg5 e6 3. e4 h6 4. Bxf6 Qxf6 5. Nc3 d6 6. Bc4 a6 7. a4 g5 8. Nge2 Nc6 9. Qd2 Bg7 10. Rd1 g4 11. 0-0 h5 12. f4 gxf3 13. Rxf3 Qe7 14. Rdf1 Rh7 15. e5 d5 16. Bd3 Bh6 17. Qe1 Rg7 18. Nd1 Nb4 19. Rf6 Nxd3 20. cxd3 Rh7 21. Qg3 Qf8 22. h4 Bd7 23. Nf4 Bxf4 24. Qxf4 Qg8 25. Nc3 Ke7 26. Qc1 Rc8 27. b3 Qg4 28. R6f4 Qg6 29. Rf6 Qxd3 30. Rxf7+ Rxf7 31. Qg5+ Kf8 0-1

[Event "Daventry 4NCL op-A 30th"]
[Site "Daventry"]
[Date "2023.06.17"]
[Round "2"]
[White "Okhai, Shabir"]
[Black "Banerjee, Supratit"]
[Result "1-0"]
[WhiteElo "2143"]
[BlackElo "1887"]
[PlyCount "73"]
[EventDate "2023.06.16"]
[EventType "swiss"]
[EventRounds "5"]
[EventCountry "ENG"]
[SourceTitle "CBM 214 Extra"]
[Source "ChessBase"]
[SourceDate "2023.07.31"]
[SourceVersion "1"]
[SourceVersionDate "2023.07.31"]
[SourceQuality "1"]

1. e4 e6 2. d4 d5 3. Nc3 dxe4 4. Nxe4 Nd7 5. Nf3 Ngf6 6. Bd3 Nxe4 7. Bxe4 Nf6 8. Bg5 Be7 9. Bxf6 Bxf6 10. Qd3 Qd7 11. 0-0-0 h6 12. h4 a5 13. g4 g6 14. g5 Bg7 15. Kb1 h5 16. Ne5 Bxe5 17. dxe5 Qxd3 18. Rxd3 Ke7 19. Rhd1 a4 20. Rc3 c6 21. Rcd3 Rf8 22. f4 Rh8 23. a3 Rg8 24. Rd6 Rh8 25. Kc1 Rg8 26. c3 Rh8 27. R1d4 Ra5 28. Bc2 Rd5 29. Bxa4 Rd8 30. Rxd8 Rxd8 31. Rxd8 Kxd8 32. b4 Bd7 33. Kd2 Kc7 34. c4 b6 35. Kc3 Be8 36. Bc2 c5 37. Be4 1-0

[Event "ENG-ch Chessable"]
[Site "Kenilworth"]
[Date "2023.05.27"]
[Round "4"]
[White "Gormally, Daniel"]
[Black "Okhai, Shabir"]
[Result "1/2-1/2"]
[WhiteElo "2434"]
[BlackElo "2144"]
[PlyCount "41"]
[EventDate "2023.05.26"]
[EventType "swiss"]
[EventRounds "7"]
[EventCountry "ENG"]
[SourceTitle "CBM 214 Extra"]
[Source "ChessBase"]
[SourceDate "2023.07.31"]
[SourceVersion "1"]
[SourceVersionDate "2023.07.31"]
[SourceQuality "1"]

1. d4 Nf6 2. c4 e6 3. Nf3 c5 4. d5 d6 5. Nc3 exd5 6. cxd5 g6 7. e4 a6 8. h3 b5 9. Bd3 Bg7 10. 0-0 0-0 11. Bf4 Qe7 12. Re1 Nbd7 13. a3 Ne5 14. Nxe5 dxe5 15. Be3 c4 16. Bf1 Bd7 17. b3 cxb3 18. Qxb3 Rfc8 19. Rec1 Bf8 20. Bd3 Ne8 21. a4 1/2-1/2

[Event "ENG-ch Chessable"]
[Site "Kenilworth"]
[Date "2023.05.27"]
[Round "3"]
[White "Okhai, Shabir"]
[Black "De Coverly, Roger D"]
[Result "1-0"]
[WhiteElo "2144"]
[BlackElo "1945"]
[PlyCount "65"]
[EventDate "2023.05.26"]
[EventType "swiss"]
[EventRounds "7"]
[EventCountry "ENG"]
[SourceTitle "CBM 214 Extra"]
[Source "ChessBase"]
[SourceDate "2023.07.31"]
[SourceVersion "1"]
[SourceVersionDate "2023.07.31"]
[SourceQuality "1"]

1. e4 e5 2. Nf3 Nc6 3. Bc4 Nf6 4. d3 Be7 5. 0-0 0-0 6. Re1 d6 7. a4 Na5 8. Ba2 c5 9. c3 Nc6 10. Na3 a6 11. Bd2 Rb8 12. Nc4 b5 13. axb5 axb5 14. Ne3 h6 15. h3 Re8 16. Nh2 Bf8 17. Nhg4 Be6 18. Qf3 Bxa2 19. Nxf6+ Qxf6 20. Qxf6 gxf6 21. Rxa2 Kh7 22. Ra6 Rec8 23. Nd5 Bg7 24. Rea1 h5 25. Kh2 Rb7 26. f4 Kg6 27. f5+ Kh7 28. Be1 c4 29. dxc4 bxc4 30. R1a2 Nb8 31. Rxd6 Nd7 32. Bf2 Bf8 33. Rxd7 1-0

[Event "ENG-ch Chessable"]
[Site "Kenilworth"]
[Date "2023.05.26"]
[Round "1"]
[White "Okhai, Shabir"]
[Black "Ireland, David J"]
[Result "1/2-1/2"]
[WhiteElo "2144"]
[BlackElo "1911"]
[PlyCount "97"]
[EventDate "2023.05.26"]
[EventType "swiss"]
[EventRounds "7"]
[EventCountry "ENG"]
[SourceTitle "CBM 214 Extra"]
[Source "ChessBase"]
[SourceDate "2023.07.31"]
[SourceVersion "1"]
[SourceVersionDate "2023.07.31"]
[SourceQuality "1"]

1. e4 e5 2. Nf3 Nf6 3. Nxe5 Nxe4 4. Qe2 Qe7 5. Qxe4 d6 6. d4 dxe5 7. dxe5 Nc6 8. Nc3 Qxe5 9. Qxe5+ Nxe5 10. Bf4 Bd6 11. Bg3 Bd7 12. Nb5 Bxb5 13. Bxb5+ Kf8 14. 0-0-0 f6 15. f3 g6 16. Bf2 a6 17. Ba4 Kg7 18. h4 h5 19. Rhe1 Rad8 20. Re4 b5 21. Bb3 Rhe8 22. a3 Nd7 23. Bd5 Rxe4 24. Bxe4 Ne5 25. Kb1 Nc4 26. Ka2 Nxb2 27. Rxd6 Rxd6 28. Kxb2 Rd2 29. Bg3 Rxg2 30. Bxc7 g5 31. hxg5 Rxg5 32. Bb7 h4 33. f4 Rh5 34. Bf3 Rc5 35. Bd6 Rc4 36. Bg4 Rc6 37. Bb4 Rc4 38. Bd2 Kg6 39. Kc1 f5 40. Bh3 a5 41. Bf1 Ra4 42. Kb2 b4 43. axb4 axb4 44. Be1 b3 45. c4 h3 46. Bg3 h2 47. Bxh2 Ra2+ 48. Kxb3 Rxh2 49. c5 1/2-1/2

[Event "BCF-chT2 2223 (4NCL)"]
[Site "England"]
[Date "2023.04.29"]
[Round "9.45"]
[White "Hng, Mei En Emmanuelle"]
[Black "Okhai, Shabir"]
[Result "1/2-1/2"]
[WhiteElo "2118"]
[BlackElo "2127"]
[PlyCount "79"]
[EventDate "2022.10.22"]
[EventType "team-tourn"]
[EventRounds "11"]
[EventCountry "ENG"]
[SourceTitle "EXT 2024"]
[Source "ChessBase"]
[SourceDate "2023.10.10"]
[SourceVersion "1"]
[SourceVersionDate "2023.10.10"]
[SourceQuality "1"]
[WhiteTeam "Schach Attack"]
[BlackTeam "The Rookies"]
[WhiteTeamCountry "ENG"]
[BlackTeamCountry "ENG"]

1. e4 e5 2. Nf3 Nc6 3. Bb5 a6 4. Ba4 Nf6 5. 0-0 Be7 6. Re1 b5 7. Bb3 d6 8. h3 Na5 9. d3 0-0 10. Nbd2 c5 11. Nf1 Nxb3 12. axb3 Nd7 13. Ne3 Nb6 14. Bd2 b4 15. Qe2 a5 16. Nc4 Nxc4 17. dxc4 f5 18. Qd3 Kh8 19. c3 Bb7 20. exf5 e4 21. Rxe4 Bxe4 22. Qxe4 Bf6 23. Rd1 bxc3 24. Bxc3 Bxc3 25. bxc3 Qf6 26. g4 Rad8 27. Kg2 Qxc3 28. Ng5 h6 29. Ne6 Rfe8 30. Rd3 Qf6 31. Qd5 Rc8 32. Qxd6 g6 33. Qd5 gxf5 34. gxf5 Rg8+ 35. Kh2 Qb2 36. Rd2 Qa1 37. Rd1 Qf6 38. Rd3 Qb2 39. Rd2 Qa1 40. Rd1 1/2-1/2

[Event "Daventry 4NCL Easter op-A 3rd"]
[Site "Daventry"]
[Date "2023.04.10"]
[Round "7"]
[White "Okhai, Shabir"]
[Black "Fava, Lorenzo"]
[Result "1-0"]
[WhiteElo "2127"]
[BlackElo "2107"]
[PlyCount "77"]
[EventDate "2023.04.07"]
[EventType "swiss"]
[EventRounds "7"]
[EventCountry "ENG"]
[SourceTitle "CBM 213 Extra"]
[Source "ChessBase"]
[SourceDate "2023.05.31"]
[SourceVersion "1"]
[SourceVersionDate "2023.05.31"]
[SourceQuality "1"]

1. e4 g6 2. d4 Bg7 3. Nf3 d6 4. Be3 Nf6 5. Nc3 0-0 6. Qd2 c6 7. Bh6 d5 8. Bxg7 Kxg7 9. e5 Ne4 10. Nxe4 dxe4 11. Ng5 Bf5 12. h4 f6 13. exf6+ exf6 14. Nh3 Qb6 15. 0-0-0 Na6 16. h5 g5 17. Nxg5 fxg5 18. Qxg5+ Kh8 19. g4 Qd8 20. Qxd8 Raxd8 21. gxf5 Rxf5 22. Bxa6 bxa6 23. Rh4 Rxf2 24. Rxe4 Kg7 25. c3 Rd5 26. h6+ Kf6 27. Rde1 Rh5 28. Re6+ Kf7 29. Re7+ Kf8 30. Rxh7 Rhh2 31. Rb7 Rxh6 32. Rxa7 Rhh2 33. Rb7 a5 34. a4 Rh5 35. Kb1 Rff5 36. Re6 c5 37. Rc6 Kg8 38. Rc8+ Rf8 39. Rxc5 1-0

[Event "Daventry 4NCL Easter op-A 3rd"]
[Site "Daventry"]
[Date "2023.04.08"]
[Round "3"]
[White "Isik, Muhammed Oguz"]
[Black "Okhai, Shabir"]
[Result "0-1"]
[WhiteElo "1683"]
[BlackElo "2127"]
[PlyCount "162"]
[EventDate "2023.04.07"]
[EventType "swiss"]
[EventRounds "7"]
[EventCountry "ENG"]
[SourceTitle "CBM 213 Extra"]
[Source "ChessBase"]
[SourceDate "2023.05.31"]
[SourceVersion "1"]
[SourceVersionDate "2023.05.31"]
[SourceQuality "1"]

1. d4 Nf6 2. c4 e6 3. Nf3 c5 4. d5 d6 5. Nc3 exd5 6. cxd5 g6 7. Nd2 Bg7 8. e4 0-0 9. Be2 Na6 10. 0-0 Nc7 11. a4 Re8 12. f3 b6 13. Nc4 Ba6 14. Bf4 Bxc4 15. Bxc4 Nh5 16. Bd2 a6 17. Qe1 Rb8 18. g4 Bd4+ 19. Kh1 Ng7 20. Qg3 b5 21. axb5 axb5 22. Be2 b4 23. Nd1 Nxd5 24. Bc4 Nb6 25. Bb5 Re7 26. Bf4 Be5 27. Ne3 Bxf4 28. Qxf4 Ne6 29. Qg3 Nd4 30. Bc4 Rd7 31. Bd5 Ne2 32. Qf2 Nf4 33. Qd2 Qf6 34. b3 Qc3 35. Qxc3 bxc3 36. Bc6 Rc7 37. Bb5 Nd7 38. Bc4 Ne5 39. Nd5 Nxd5 40. Bxd5 c4 41. Bxc4 Nxc4 42. bxc4 Rxc4 43. Kg2 Rb2+ 44. Rf2 g5 45. Rc1 Kg7 46. Rcc2 Rxc2 47. Rxc2 Kf6 48. Kf2 Ke5 49. Ke3 Rc5 50. Kd3 Kf4 51. Ke2 Rc7 52. Kf2 Rc8 53. Ke2 Rc6 54. Kf2 Rc4 55. Ke2 Rc5 56. Kf2 Rc7 57. Ke2 Rc8 58. Kf2 h6 59. Ke2 Rc5 60. Kf2 Rc6 61. Ke2 Rc7 62. Kf2 Rc5 63. Ke2 Rc6 64. Kf2 Rc8 65. Ke2 h5 66. gxh5 Rh8 67. Kf2 Rxh5 68. Kg2 g4 69. Rxc3 Rh3 70. Rc7 Rxf3 71. Rxf7+ Kxe4 72. Re7+ Kd3 73. h4 d5 74. Ra7 d4 75. h5 Rh3 76. Ra3+ Ke2 77. Ra2+ Ke3 78. Kf1 d3 79. Rg2 Rh1+ 80. Rg1 Rxg1+ 81. Kxg1 d2 0-1

[Event "BCF-chT2 2223 (4NCL)"]
[Site "England"]
[Date "2023.02.11"]
[Round "5.33"]
[White "Pigott, John C"]
[Black "Okhai, Shabir"]
[Result "1-0"]
[WhiteElo "2358"]
[BlackElo "2127"]
[PlyCount "97"]
[EventDate "2022.10.22"]
[EventType "team-tourn"]
[EventRounds "11"]
[EventCountry "ENG"]
[SourceTitle "EXT 2024"]
[Source "ChessBase"]
[SourceDate "2023.10.10"]
[SourceVersion "1"]
[SourceVersionDate "2023.10.10"]
[SourceQuality "1"]
[WhiteTeam "Barbican"]
[BlackTeam "The Rookies"]
[WhiteTeamCountry "ENG"]
[BlackTeamCountry "ENG"]

1. e4 e5 2. Nf3 Nc6 3. Bb5 a6 4. Ba4 Nf6 5. 0-0 Nxe4 6. d4 b5 7. Bb3 d5 8. dxe5 Be6 9. Nbd2 Be7 10. c3 0-0 11. Bc2 f5 12. Nb3 Qd7 13. Nfd4 Nxd4 14. Nxd4 c5 15. Nxe6 Qxe6 16. f3 Ng5 17. Bxg5 Bxg5 18. f4 Be7 19. Qf3 Rad8 20. Rfd1 Rd7 21. Rd2 c4 22. Rad1 Bc5+ 23. Kf1 Rfd8 24. h4 g6 25. h5 Kg7 26. g3 d4 27. cxd4 Bxd4 28. Rh2 Qd5 29. Qxd5 Rxd5 30. Rhd2 Kf7 31. g4 Ke6 32. Ke2 a5 33. Bb1 R5d7 34. hxg6 hxg6 35. gxf5+ gxf5 36. Rh1 Rg7 37. Kf3 b4 38. Rh6+ Ke7 39. Bxf5 c3 40. bxc3 bxc3 41. Rc2 Rg1 42. Rh7+ Kf8 43. Rch2 Rg7 44. Rh8+ Ke7 45. Rxd8 Kxd8 46. Bc2 Rg1 47. Ke4 Bc5 48. f5 Ra1 49. Kd5 1-0

[Event "Hastings Masters op"]
[Site "Hastings"]
[Date "2023.01.05"]
[Round "9"]
[White "Golding, Alex"]
[Black "Okhai, Shabir"]
[Result "1-0"]
[WhiteElo "2318"]
[BlackElo "2149"]
[PlyCount "127"]
[EventDate "2022.12.28"]
[EventType "swiss"]
[EventRounds "10"]
[EventCountry "ENG"]
[SourceTitle "CBM 212 Extra"]
[Source "ChessBase"]
[SourceDate "2023.03.31"]
[SourceVersion "1"]
[SourceVersionDate "2023.03.31"]
[SourceQuality "1"]

1. e4 e5 2. Nf3 Nc6 3. Bc4 Bc5 4. c3 Nf6 5. d3 d6 6. 0-0 a6 7. h3 Ba7 8. Re1 h6 9. d4 0-0 10. Bb3 Re8 11. d5 Ne7 12. Nh4 g5 13. Nf3 Ng6 14. Be3 Kh7 15. Bxa7 Rxa7 16. Nh2 Nf4 17. Nd2 Rg8 18. Ndf1 g4 19. h4 N6h5 20. g3 Nh3+ 21. Kg2 N5f4+ 22. gxf4 Qxh4 23. Ng3 Nxf2 24. Qc2 Qh3+ 25. Kxf2 Qxh2+ 26. Kf1 Qxg3 27. f5 Bd7 28. Qf2 Qf4 29. Kg2 Raa8 30. Re3 Rg5 31. Rf1 Qxf2+ 32. Rxf2 Rag8 33. Bd1 f6 34. c4 Be8 35. Rf1 Rh5 36. Be2 Rh4 37. Rg3 Rg5 38. b4 Rg7 39. Rc1 h5 40. c5 Kh6 41. c6 bxc6 42. dxc6 Bf7 43. Bxa6 Bxa2 44. b5 d5 45. b6 cxb6 46. c7 Rxc7 47. Rxc7 dxe4 48. Rc2 Bg8 49. Bb7 Kg5 50. Rf2 b5 51. Bxe4 b4 52. Rb2 b3 53. Rf2 Kh6 54. Rc3 g3 55. Rxg3 Rxe4 56. Rxg8 Rg4+ 57. Rxg4 hxg4 58. Rb2 Kg5 59. Rxb3 Kxf5 60. Kg3 Kg5 61. Rb5 Kh5 62. Rb8 f5 63. Rb5 f4+ 64. Kg2 1-0